000 00566cam a2200181 a 4500
020 _a0224028308 :
082 0 0 _a229.91
_bSAL
_cL31,p-44
100 1 _aSalibi, Kamal S.
_937171
245 1 4 _aThe Bible came from Arabia /
_cKamal Salibi.
260 _aLondon :
_bJ. Cape,
_c1985.
300 _axvi, 223 p. :
_bill. ;
_c24 cm.
500 _aIncludes index.
500 _aTranslation of: Die Bibel kam aus dem Lande Asir.
526 _a0
_b0
_c0
_d229_910000000000000_SAL
650 0 _aHebrew language
_xEtymology
_xNames.
_937172
650 0 _aMCE
_9379
942 _2ddc
_cBK
999 _c542076
_d542076